| 000 | 00832nam a22001697a 4500 | ||
|---|---|---|---|
| 005 | 20250205185716.0 | ||
| 008 | 240827b ||||| |||| 00| 0 eng d | ||
| 082 | _aDPer 155.205 J826 July-September 2019 v. 117 n. 1-3 | ||
| 100 |
_aFetvadjiev, Velichko H. _eauthor. _959133 |
||
| 245 |
_aThe longitudinal links of personality traits, values, and well-being and self-esteem : _ba five-wave study of a nationally representative sample / _cVelichko H. Fetvadjiev, and Jia He. |
||
| 260 |
_aWashington ; _bAmerican Psychological Association, _cAugust 2019. |
||
| 300 |
_avolume 117, pages 448-464, _billustration. |
||
| 500 | _aJournal of Personality and Social Psychology vol. 117, no. 2, pages 448-464, August 2019. | ||
| 700 |
_aFetvadjiev, Velichko H. _eauthor. _959133 |
||
| 700 |
_aHe, Jia. _eauthor. _959134 |
||
| 942 |
_2ddc _cPER |
||
| 999 |
_c20949 _d20949 |
||